000
00300 a2200109 4500
001
ART_2465
005
20260410161726.0
008
260409a
245
1
0
_a
El grupo T
100
1
_a
Allen, Louis A.
773
0
_t
Administración de empresas
_g
- Año 5, Nº 57 (dic. 1974)
_w
REV2036
999
_c
17420
_d
17420